000 00195nam a2200085Ia 4500
008 250605s9999 xx 000 0 und d
041 _aeng
100 _aDivita Sharma
245 _aReliance Jio Studios
999 _c44513
_d44513